Historia de las ideas estéticas en España / (Record no. 182708)

MARC details
000 -LEADER
campo de control de longitud fija 01194nam a22002411i 4500
001 - NÚMERO DE CONTROL
campo de control 182708
003 - IDENTIFICADOR DE NÚMERO DE CONTROL
campo de control ES-MaACL
005 - FECHA Y HORA DE LA ÚLTIMA TRANSACCIÓN
campo de control 20231228063300.0
008 - DATOS DE LONGITUD FIJA--INFORMACIÓN GENERAL
campo de control de longitud fija 131016s1940 sp |||| | spa d
080 ## - NÚMERO DE LA CLASIFICACIÓN DECIMAL UNIVERSAL
Número de la Clasificación Decimal Universal 18.01(46)"14/17"
080 ## - NÚMERO DE LA CLASIFICACIÓN DECIMAL UNIVERSAL
Número de la Clasificación Decimal Universal 821.134.2.09"14/17"
100 1# - ENTRADA PRINCIPAL--NOMBRE DE PERSONA
Nombre de persona Menéndez y Pelayo, Marcelino,
Fechas asociadas al nombre 1856-1912
9 (RLIN) 80332
245 10 - MENCIÓN DEL TÍTULO
Título Historia de las ideas estéticas en España /
Mención de responsabilidad, etc. [Menéndez Pelayo] ; edición revisada y compulsada por Enrique Sánchez Reyes.
260 ## - PUBLICACIÓN, DISTRIBUCIÓN, ETC.
Lugar de publicación, distribución, etc. Santander :
Nombre del editor, distribuidor, etc. Consejo Superior de Investigaciones Científicas,
Fecha de publicación, distribución, etc. 1940 (
Fabricante Aldus)
300 ## - DESCRIPCIÓN FÍSICA
Extensión 5 v. ;
Dimensiones 21 cm.
490 1# - MENCIÓN DE SERIE
Mención de serie Edición nacional de las obras completas de Menéndez Pelayo ;
Designación de volumen o secuencia 1-5
505 8# - NOTA DE CONTENIDO CON FORMATO
Nota de contenido con formato Contiene: I. Preliminar y siglo XV (XX, 534 p.) - II. Siglos XVI y XVII (506 p.) - III. Siglo XVIII (671 p.) - IV. Introducción al siglo XIX (I Alemania-II Inglaterra) (422 p.) - V. Introducción al siglo XIX (III Francia) (521 p.)
650 #4 - PUNTO DE ACCESO ADICIONAL DE MATERIA--TÉRMINO DE MATERIA
Término de materia o nombre geográfico como elemento de entrada Estética-
Subdivisión geográfica España-
Subdivisión de forma Historia.
9 (RLIN) 153682
700 1# - ENTRADA AGREGADA--NOMBRE PERSONAL
Nombre de persona Sánchez Reyes, Enrique.
9 (RLIN) 102876
830 1# - PUNTO DE ACCESO ADICIONAL DE SERIE-TÍTULO UNIFORME
Título uniforme Edición nacional de las obras completas de Menéndez y Pelayo
Designación de volumen o secuencia 1-5
9 (RLIN) 224235
852 ## - LOCALIZACIÓN
Ubicación ES-MaACL
Número de control de estantería E-3162-66
Holdings
Estatus retirado Estado de pérdida Estado de daño No para préstamo Biblioteca de origen Biblioteca actual Ubicación en estantería Fecha de adquisición Fuente de adquisición Total de préstamos Signatura topográfica completa Código de barras Visto por última vez Precio de reemplazo Tipo de ítem Koha
        Biblioteca del Ateneo de Madrid Biblioteca del Ateneo de Madrid Depósito 2 16/10/2013     E-3162-66 1192014 23/02/2023 23/02/2023 Libro impreso